<?xml version="1.0" encoding="UTF-8"?>
<record
    xmlns:xsi="http://www.w3.org/2001/XMLSchema-instance"
    xsi:schemaLocation="http://www.loc.gov/MARC21/slim http://www.loc.gov/standards/marcxml/schema/MARC21slim.xsd"
    xmlns="http://www.loc.gov/MARC21/slim">

  <leader>00724nam0a22002411  4500</leader>
  <controlfield tag="001">rc\917937</controlfield>
  <controlfield tag="005">20250622042610.0</controlfield>
  <datafield tag="035" ind1=" " ind2=" ">
    <subfield code="a">(NLR Aleph) 006092204</subfield>
  </datafield>
  <datafield tag="090" ind1=" " ind2=" ">
    <subfield code="a">5171075</subfield>
    <subfield code="c">5171075</subfield>
  </datafield>
  <datafield tag="100" ind1=" " ind2=" ">
    <subfield code="a">20041129d1982    |||y0rusy50      ca</subfield>
  </datafield>
  <datafield tag="101" ind1="0" ind2=" ">
    <subfield code="a">rus</subfield>
  </datafield>
  <datafield tag="102" ind1=" " ind2=" ">
    <subfield code="a">RU</subfield>
  </datafield>
  <datafield tag="105" ind1=" " ind2=" ">
    <subfield code="a">y   |||||||||</subfield>
  </datafield>
  <datafield tag="200" ind1="1" ind2=" ">
    <subfield code="a">&#x41A;&#x443;&#x43B;&#x44C;&#x442;&#x443;&#x440;&#x43D;&#x43E;-&#x43F;&#x440;&#x43E;&#x441;&#x432;&#x435;&#x442;&#x438;&#x442;&#x435;&#x43B;&#x44C;&#x43D;&#x430;&#x44F; &#x440;&#x430;&#x431;&#x43E;&#x442;&#x430; &#x432; &#x423;&#x437;&#x431;&#x435;&#x43A;&#x441;&#x43A;&#x43E;&#x439; &#x421;&#x421;&#x420; (1959-1977)</subfield>
  </datafield>
  <datafield tag="210" ind1=" " ind2=" ">
    <subfield code="a">&#x422;&#x430;&#x448;&#x43A;&#x435;&#x43D;&#x442;</subfield>
    <subfield code="c">&#x424;&#x430;&#x43D;</subfield>
    <subfield code="d">1982</subfield>
  </datafield>
  <datafield tag="215" ind1=" " ind2=" ">
    <subfield code="a">208 &#x441;.</subfield>
    <subfield code="d">22</subfield>
  </datafield>
  <datafield tag="300" ind1=" " ind2=" ">
    <subfield code="a">&#x412; &#x43D;&#x430;&#x434;&#x437;&#x430;&#x433;.: &#x422;&#x430;&#x448;&#x43A;. &#x433;&#x43E;&#x441;. &#x438;&#x43D;-&#x442; &#x43A;&#x443;&#x43B;&#x44C;&#x442;&#x443;&#x440;&#x44B;</subfield>
  </datafield>
  <datafield tag="700" ind1=" " ind2="1">
    <subfield code="a">&#x411;&#x435;&#x440;&#x434;&#x438;&#x435;&#x432;</subfield>
    <subfield code="b">&#x428;.</subfield>
    <subfield code="g">&#x428;&#x430;&#x434;&#x438;</subfield>
  </datafield>
  <datafield tag="801" ind1=" " ind2="0">
    <subfield code="a">RU</subfield>
    <subfield code="b">NLR</subfield>
    <subfield code="g">psbo</subfield>
  </datafield>
  <datafield tag="801" ind1=" " ind2="1">
    <subfield code="a">RU</subfield>
    <subfield code="b">ELAR</subfield>
    <subfield code="2">rusmarc</subfield>
  </datafield>
  <datafield tag="852" ind1=" " ind2=" ">
    <subfield code="a">NLR</subfield>
    <subfield code="j">82-5/6441</subfield>
  </datafield>
  <datafield tag="942" ind1=" " ind2=" ">
    <subfield code="c">BOOK</subfield>
  </datafield>
  <datafield tag="980" ind1=" " ind2=" ">
    <subfield code="a">NB</subfield>
  </datafield>
  <datafield tag="995" ind1=" " ind2=" ">
    <subfield code="5">2013-10-26</subfield>
    <subfield code="b">NLR01</subfield>
    <subfield code="c">NLR01</subfield>
    <subfield code="e">RF9</subfield>
    <subfield code="f">6092204-10</subfield>
    <subfield code="k">82-5/6441</subfield>
    <subfield code="o">0</subfield>
    <subfield code="r">BOOK</subfield>
    <subfield code="s">8256441_</subfield>
  </datafield>
</record>
